000 00206 a2200097 4500
001 41456
100 _aA Yusuf Ali
245 _aThe holy Qur'an
260 _aLahore
_bSh M ashraf
_c
090 _c25625
_d25625
942 _aNUST-CAE
_cM
_c17364
999 _c276529
_d276529